000 00379 a2200157 4500
001 74353
020 _a852800122-9
040 _cAnchieta - Colégio São Paulo
100 _aGonzaga,Sergius
240 1 0 _aManual de literatura brasileira
_lpor
245 1 0 _aManual de literatura brasileira
300 _a272
362 0 _a1996
650 4 _aLiteratura brasileira
942 _cBK
999 _c74353
_d74353